Find the Counties of England - No Outlines Minefield Quiz Stats

 Plays Quiz Updated Apr 18, 2018

Score 0/48 Timer 08:00
0 Plays Today
% Correct
???
40.5%
???
40.1%
???
38.8%
???
38.7%
???
38.3%
???
37.6%
???
37.5%
???
36.6%
???
36.4%
???
35.8%
???
35.5%
???
35.4%
???
34.4%
???
34.4%
???
34.4%
???
34.2%
???
33.9%
???
33.8%
???
33.5%
???
32.4%
???
31.3%
???
30.9%
???
30.8%
???
29.6%
% Correct
???
28.9%
???
28.7%
???
28%
???
27.9%
???
27.6%
???
27.5%
???
27%
???
26.1%
???
26.1%
???
22.4%
???
22.3%
???
22%
???
21.4%
???
21.3%
???
21.1%
???
21.1%
???
20.3%
???
18.6%
???
17.3%
???
16.7%
???
16.7%
???
16.5%
???
16.2%
???
14.5%

You're not logged in!

Compare scores with friends on all Sporcle quizzes.
Join for Free
OR
Log In

You Might Also Like...

Show Comments

Extras

Top Quizzes Today


Score Distribution

Your Account Isn't Verified!

In order to create a playlist on Sporcle, you need to verify the email address you used during registration. Go to your Sporcle Settings to finish the process.

Report this User

Report this user for behavior that violates our Community Guidelines.

Details: